Deux femmes de la Révolution / (Record no. 159236)

MARC details
000 -LEADER
campo de control de longitud fija 00638nam a22001575i 4500
001 - NÚMERO DE CONTROL
campo de control 159236
003 - IDENTIFICADOR DE NÚMERO DE CONTROL
campo de control ES-MaACL
005 - FECHA Y HORA DE LA ÚLTIMA TRANSACCIÓN
campo de control 20230906211515.0
008 - DATOS DE LONGITUD FIJA--INFORMACIÓN GENERAL
campo de control de longitud fija 040909s1866 fr |||| | fre d
040 ## - FUENTE DE CATALOGACIÓN
Centro catalogador/agencia de origen CAM
Lengua de catalogación spa
Centro/agencia transcriptor CAM
100 1# - ENTRADA PRINCIPAL--NOMBRE DE PERSONA
Nombre de persona Mazade, Charles de.
9 (RLIN) 129764
245 10 - MENCIÓN DEL TÍTULO
Título Deux femmes de la Révolution /
Mención de responsabilidad, etc. par Charles de Mazade.
260 ## - PUBLICACIÓN, DISTRIBUCIÓN, ETC.
Lugar de publicación, distribución, etc. Paris :
Nombre del editor, distribuidor, etc. Michel Lévy Frères, libraires-éditeurs,
Fecha de publicación, distribución, etc. 1866 (
Lugar de fabricación/manufactura Clichy :
Fabricante Imp. Maurice Loignon et Cie.)
300 ## - DESCRIPCIÓN FÍSICA
Extensión XII, 271 p. ;
Dimensiones 18 cm.
852 ## - LOCALIZACIÓN
Ubicación ES-MaACL
Número de control de estantería D-4915
Nota libre -- Enc. hol.
-- -- Enc. al final de la obra, un catálogo del editor correspondiente al mes de abril de 1866 (35 p.)
Holdings
Estatus retirado Estado de pérdida Estado de daño No para préstamo Colección Biblioteca de origen Biblioteca actual Ubicación en estantería Fecha de adquisición Fuente de adquisición Total de préstamos Signatura topográfica completa Código de barras Visto por última vez Precio de reemplazo Tipo de ítem Koha
        Libros del s. XIX Biblioteca del Ateneo de Madrid Biblioteca del Ateneo de Madrid Sala Valle Inclán 17/01/2008     D-4915 901166695 23/02/2023 23/02/2023 Libro impreso antiguo